[Event "FIDE Online Olympiad"]
[Site "Chess.com"]
[Date "2020.08.02"]
[EventDate "2020.07.31"]
[Round "7"]
[Result "0-1"]
[White "Yusuf Mdoe"]
[Black "Soon Wei Yee"]
[WhiteElo "1712"]
[BlackElo "2245"]
[PlyCount "100"]

1. e4 e5 2. Nf3 Nc6 3. Bc4 Bc5 4. d3 Nf6 5. Nc3 d6 6. Bd2 a6
7. a3 h6 8. O-O Bg4 9. h3 Bh5 10. Be3 Qd7 11. Nd5 Nxd5
12. Bxd5 Nd4 13. Bxd4 Bxd4 14. c3 Ba7 15. Qe2 c6 16. Ba2 Qe7
17. Rad1 O-O 18. d4 Kh8 19. dxe5 dxe5 20. Rd3 Rad8 21. Rfd1
Bb6 22. Qc2 Bg6 23. Rxd8 Rxd8 24. Rxd8+ Bxd8 25. Nd2 Bb6
26. Nc4 Ba7 27. Qd3 Qh4 28. Qf3 f6 29. Bb1 Bh5 30. g4 Bg6
31. Ne3 h5 32. Kg2 Qg5 33. Bc2 Kh7 34. Bd3 a5 35. b4 axb4
36. axb4 Bf7 37. c4 Bd4 38. b5 Be6 39. Nf5 Bc5 40. bxc6 bxc6
41. Kg3 g6 42. Ne3 h4+ 43. Kg2 Kg7 44. Nf1 Qc1 45. Qe2 Qc3
46. Nh2 Qc1 47. Nf3 g5 48. Nd2 Kf7 49. Nb3 Qa3 50. Qc2 Qb4 0-1

[Event "FIDE Online Olympiad"]
[Site "Chess.com"]
[Date "2020.08.02"]
[EventDate "2020.07.31"]
[Round "8"]
[Result "0-1"]
[White "Laet Nandar Su"]
[Black "Shanti Dhimal"]
[WhiteElo "1552"]
[BlackElo "1555"]
[PlyCount "70"]

1. d4 e6 2. Bf4 Nf6 3. e3 d5 4. Nd2 Bd6 5. Bg3 Nc6 6. Ngf3 h6
7. c3 a6 8. Bd3 b5 9. Ne5 Bxe5 10. dxe5 Nd7 11. f4 Nc5 12. Bc2
f5 13. Qh5+ Kd7 14. b4 Ne4 15. Nxe4 fxe4 16. O-O Ne7 17. a4 c6
18. axb5 cxb5 19. Rfd1 Qb6 20. Bf2 Bb7 21. Bxe4 Raf8 22. Bc2
Qc6 23. Be1 Kc7 24. Qe2 Qb6 25. Bf2 g5 26. Rac1 Kb8 27. g3
Rhg8 28. Rd4 Qc6 29. Bd1 Nf5 30. Rd2 gxf4 31. exf4 d4 32. Kf1
Qh1+ 33. Bg1 Ne3+ 34. Ke1 Qxg1+ 35. Qf1 Qxf1# 0-1

[Event "FIDE Online Olympiad"]
[Site "Chess.com"]
[Date "2020.08.02"]
[EventDate "2020.07.31"]
[Round "8"]
[Result "0-1"]
[White "Yubraj Paudel"]
[Black "Han Thiha Sai"]
[WhiteElo "1621"]
[BlackElo "1768"]
[PlyCount "54"]

1. d4 Nf6 2. c4 g6 3. Nf3 Bg7 4. Nc3 O-O 5. e4 d6 6. h3 e5
7. d5 Na6 8. Bg5 h6 9. Be3 Nc5 10. Qc2 a5 11. Be2 Nh5 12. Qd2
Nf4 13. Bxf4 exf4 14. Qxf4 f5 15. exf5 Bxf5 16. Qd2 a4 17. O-O
Qf6 18. Rac1 Rae8 19. Rfe1 g5 20. Rcd1 a3 21. Nd4 Bd7 22. Bf1
Rxe1 23. Qxe1 axb2 24. Qd2 Qxd4 25. Qxd4 Bxd4 26. Rxd4 Bf5
27. Rd1 Re8 0-1

[Event "FIDE Online Olympiad"]
[Site "Chess.com"]
[Date "2020.08.02"]
[EventDate "2020.07.31"]
[Round "8"]
[Result "0-1"]
[White "Thu Aung Moe"]
[Black "Anisha Neupane"]
[WhiteElo "1164"]
[BlackElo "1471"]
[PlyCount "142"]

1. e4 c5 2. Nf3 d6 3. c3 g6 4. d4 cxd4 5. cxd4 Bg7 6. Nc3 Nf6
7. Bd3 O-O 8. O-O Bd7 9. h3 Nc6 10. d5 Ne5 11. Nxe5 dxe5
12. Bg5 Rc8 13. Qd2 Qc7 14. Rac1 Qb6 15. a3 e6 16. Be3 Qa5
17. dxe6 Bxe6 18. Nd5 Qxd2 19. Nxf6+ Bxf6 20. Bxd2 Rfd8
21. Rxc8 Bxc8 22. Rc1 Rxd3 23. Rxc8+ Kg7 24. Bc3 Rd7 25. Rc5
Re7 26. Rd5 h5 27. Rd6 Bg5 28. g3 f5 29. h4 Bf6 30. exf5 gxf5
31. f4 Kf7 32. fxe5 Bxe5 33. Bxe5 Rxe5 34. Rd7+ Re7 35. Rxe7+
Kxe7 36. Kf2 Ke6 37. Ke3 Ke5 38. b3 b6 39. a4 a6 40. b4 b5
41. a5 Ke6 42. Kd4 Kd6 43. Ke3 Ke5 44. Kd3 f4 45. gxf4+ Kxf4
46. Kd4 Kg4 47. Kc5 Kxh4 48. Kb6 Kg3 49. Kxa6 h4 50. Kb7 h3
51. a6 h2 52. a7 h1=Q+ 53. Kb8 Qh8+ 54. Kb7 Qg7+ 55. Kb8 Qe5+
56. Kb7 Qd5+ 57. Kb8 Qd6+ 58. Kb7 Qxb4 59. Kb6 Qd4+ 60. Kxb5
Qxa7 61. Kc4 Qd7 62. Kc5 Kf4 63. Kb6 Ke5 64. Ka6 Qc8+ 65. Kb6
Kd6 66. Ka7 Qc1 67. Kb6 Qc5+ 68. Kb7 Kd7 69. Ka8 Qb4 70. Ka7
Kc7 71. Ka6 Qb6# 0-1

[Event "FIDE Online Olympiad"]
[Site "Chess.com"]
[Date "2020.08.02"]
[EventDate "2020.07.31"]
[Round "8"]
[Result "0-1"]
[White "Sasha Mongeli"]
[Black "Jing Xin Crystal Deng"]
[WhiteElo "1599"]
[BlackElo "1575"]
[PlyCount "78"]

1. e4 c5 2. Nf3 Nc6 3. g3 g6 4. Bg2 Bg7 5. O-O d6 6. d3 e6
7. c3 Nge7 8. Re1 O-O 9. Nbd2 Rb8 10. Nf1 b5 11. Bd2 b4
12. Qc1 Ba6 13. Qc2 d5 14. e5 Qc7 15. Bf4 bxc3 16. bxc3 Rfc8
17. N1d2 Nf5 18. g4 Nfe7 19. Bf1 f6 20. d4 Bxf1 21. Nxf1 cxd4
22. cxd4 fxe5 23. dxe5 Nxe5 24. Qe2 Nxf3+ 25. Qxf3 e5 26. Bg5
e4 27. Qa3 Bxa1 28. Rxa1 Nc6 29. Rc1 Qe5 30. Bh4 Nd4 31. Rxc8+
Rxc8 32. Bg3 Qe6 33. h3 Ne2+ 34. Kg2 Nxg3 35. Nxg3 d4 36. Qxa7
Qd5 37. Kh2 e3 38. Qa6 Rc2 39. Kg1 Rxf2 0-1

[Event "FIDE Online Olympiad"]
[Site "Chess.com"]
[Date "2020.08.02"]
[EventDate "2020.07.31"]
[Round "8"]
[Result "0-1"]
[White "Aguda Lwanga"]
[Black "Wing Ki Kwong"]
[WhiteElo "1064"]
[BlackElo "1679"]
[PlyCount "72"]

1. e4 c5 2. Nf3 d6 3. d4 cxd4 4. Nxd4 Nf6 5. Nc3 Nc6 6. f3 e6
7. Be3 Be7 8. Qd2 a6 9. Be2 O-O 10. O-O-O Qc7 11. g4 Nd7
12. h4 b5 13. h5 b4 14. Nb1 Nc5 15. g5 g6 16. hxg6 fxg6
17. Rh6 Rf7 18. Rdh1 Bf8 19. R6h2 Nxd4 20. Bxd4 e5 21. Be3 Be6
22. Bxc5 Qxc5 23. Bd1 Bxa2 24. Qd3 Bc4 25. Qd2 a5 26. Rh3 a4
27. Qh2 Raa7 28. Nd2 a3 29. bxa3 bxa3 30. Nxc4 Qxc4 31. Be2
Qb4 32. Bd3 a2 33. Kd1 a1=Q+ 34. Ke2 Qac3 35. Rd1 Ra2 36. Kf1
Ra1 0-1

[Event "FIDE Online Olympiad"]
[Site "Chess.com"]
[Date "2020.08.02"]
[EventDate "2020.07.31"]
[Round "8"]
[Result "0-1"]
[White "Tupfah Khumnorkaew"]
[Black "Raymond Song"]
[WhiteElo "1888"]
[BlackElo "2254"]
[PlyCount "96"]

1. e4 c6 2. d4 d5 3. Nc3 dxe4 4. Nxe4 Bf5 5. Ng3 Bg6 6. h4 h6
7. Nf3 Nd7 8. h5 Bh7 9. Bd3 Bxd3 10. Qxd3 e6 11. Bf4 Qa5+
12. Bd2 Bb4 13. c3 Be7 14. c4 Qc7 15. O-O-O Ngf6 16. Kb1 O-O
17. Ne4 b5 18. c5 Rad8 19. Qe2 e5 20. dxe5 Nxe4 21. Qxe4 Nxc5
22. Qg4 Kh8 23. Be3 Ne6 24. Rhe1 c5 25. Qf5 Kg8 26. g4 Rxd1+
27. Rxd1 Rd8 28. Rg1 Qd7 29. g5 hxg5 30. Nxg5 Bxg5 31. Bxg5
Qd3+ 32. Qxd3 Rxd3 33. Be3 Kh7 34. Rc1 Rd5 35. f4 g6 36. Rf1
gxh5 37. f5 Ng7 38. e6 fxe6 39. fxe6 Re5 40. Bg1 Nxe6 41. Bh2
Re2 42. Bb8 a5 43. Rf5 Kg6 44. Rd5 h4 45. Bd6 h3 46. a4 bxa4
47. Bxc5 h2 48. Ka2 h1=Q 0-1

[Event "FIDE Online Olympiad"]
[Site "Chess.com"]
[Date "2020.08.02"]
[EventDate "2020.07.31"]
[Round "8"]
[Result "0-1"]
[White "Manunthon Atikankhotchasee"]
[Black "Ching-An Shih"]
[WhiteElo "1549"]
[BlackElo "1680"]
[PlyCount "144"]

1. d4 d5 2. Bg5 h6 3. Bh4 Nf6 4. Bxf6 exf6 5. e3 Bd6 6. c4 c6
7. cxd5 cxd5 8. Nc3 Be6 9. g3 O-O 10. Bg2 Bb4 11. Ne2 Nc6
12. O-O Rc8 13. Rc1 Qd7 14. a3 Bxc3 15. Nxc3 Rfd8 16. Qf3 Na5
17. Qd1 Nc4 18. Rb1 Nxb2 19. Rxb2 Rxc3 20. Qb1 b6 21. Rb3 Rdc8
22. Rxc3 Rxc3 23. Qb2 Qc7 24. a4 Rc2 25. Qb5 Qc6 26. Qxc6 Rxc6
27. a5 bxa5 28. h4 a4 29. Ra1 Rc4 30. Bf1 Rb4 31. Bd3 f5
32. Bc2 Bd7 33. Ra3 a5 34. Ra1 g6 35. Bd1 Kf8 36. Bf3 Be6
37. Bd1 Bd7 38. Bf3 Bc6 39. Rc1 Rb6 40. Rc5 a3 41. Rxa5 Rb3
42. Kg2 Ke7 43. Be2 Rb2 44. Bd1 a2 45. Bf3 Kd6 46. Ra6 Kc7
47. Ra3 Kb6 48. g4 fxg4 49. Bxg4 Bb5 50. Bf3 Bc4 51. Bg4 Rb1
52. Ra8 a1=Q 53. Rb8+ Ka5 54. Ra8+ Kb4 55. Rxa1 Rxa1 56. Bd7
Bd3 57. Be8 Be4+ 58. Kg3 Rg1+ 59. Kh3 f5 60. h5 g5 61. Bg6 Kc4
62. f3 Bxf3 63. Bxf5 Bxh5 64. Kh2 Re1 65. e4 Kxd4 66. Kg3 dxe4
67. Kf2 Re2+ 68. Kg3 Ke3 69. Be6 Re1 70. Kg2 Bf3+ 71. Kh2 Kf2
72. Bh3 Rh1# 0-1

[Event "FIDE Online Olympiad"]
[Site "Chess.com"]
[Date "2020.08.02"]
[EventDate "2020.07.31"]
[Round "8"]
[Result "0-1"]
[White "Chi Chen"]
[Black "Chanida Taweesupmun"]
[WhiteElo "1353"]
[BlackElo "1754"]
[PlyCount "116"]

1. d4 Nf6 2. Nf3 e6 3. c4 d5 4. Nc3 Be7 5. Bf4 c6 6. cxd5 exd5
7. h3 Bf5 8. Qb3 Qb6 9. Qxb6 axb6 10. e3 Bb4 11. Bxb8 Rxb8
12. Rc1 Ne4 13. Be2 Ra8 14. O-O Bxc3 15. bxc3 Rxa2 16. Bd3 O-O
17. Bxe4 Bxe4 18. Ne5 Rfa8 19. c4 f6 20. Nd7 R8a6 21. cxd5
Bxd5 22. Rb1 b5 23. Nc5 Ra7 24. Rfe1 b6 25. Nd3 Be4 26. Rbd1
R7a4 27. f3 Bxd3 28. Rxd3 Rc2 29. Kh1 Raa2 30. Rg1 b4 31. d5
cxd5 32. Rxd5 b3 33. Rb5 b2 34. Rxb6 Ra1 35. Kh2 Rxg1 36. Kxg1
Rc1+ 37. Kh2 b1=Q 38. Rxb1 Rxb1 39. Kg3 Kf7 40. Kf4 Rb4+
41. Kg3 g5 42. e4 h5 43. h4 Kg6 44. Kh3 Rb3 45. hxg5 Kxg5
46. Kg3 f5 47. exf5 Kxf5 48. Kh4 Kg6 49. f4 Rb1 50. Kg3 Kf5
51. Kf3 Rb3+ 52. Kf2 Kxf4 53. Kg1 h4 54. Kh2 Rc3 55. g3+ hxg3+
56. Kg2 Kg4 57. Kg1 Kf3 58. Kh1 Rc1# 0-1

[Event "FIDE Online Olympiad"]
[Site "Chess.com"]
[Date "2020.08.02"]
[EventDate "2020.07.31"]
[Round "8"]
[Result "0-1"]
[White "Sophie Yi-Hsuan Tsai"]
[Black "Sarocha Chuemsakul"]
[WhiteElo "1155"]
[BlackElo "1694"]
[PlyCount "132"]

1. e4 c6 2. d4 d5 3. exd5 cxd5 4. Be2 Nf6 5. Nf3 Bg4 6. h3 Bh5
7. Be3 e6 8. a3 Bd6 9. Nc3 a6 10. Qd2 Nc6 11. O-O O-O 12. Bg5
Be7 13. Rad1 h6 14. Bh4 Ne4 15. Nxe4 Bxh4 16. Nc3 Bf6 17. Ne5
Bxe2 18. Nxc6 bxc6 19. Nxe2 Qb6 20. b3 c5 21. dxc5 Qxc5
22. Qd3 Qxa3 23. Nd4 Rfc8 24. Ra1 Qc5 25. Rfd1 e5 26. Nf5 e4
27. Qxd5 Qxd5 28. Rxd5 Bxa1 29. Ne7+ Kf8 30. Nxc8 Rxc8 31. c4
Rb8 32. Ra5 Rb6 33. Rxa1 Ke7 34. Kf1 Kd6 35. b4 Rxb4 36. Rxa6+
Kd7 37. Ra7+ Ke6 38. Rc7 Rb2 39. Rc8 Ke7 40. Rc5 Kd6 41. Rd5+
Ke6 42. Rc5 Rc2 43. Ke1 g6 44. Rc8 Kd7 45. Rc5 f6 46. Kf1 h5
47. g3 Ra2 48. Rd5+ Kc6 49. Rd4 f5 50. Rd8 Kc5 51. Rg8 Ra6
52. Rc8+ Rc6 53. Rxc6+ Kxc6 54. Ke2 Kc5 55. f3 Kxc4 56. Ke3
Kd5 57. Kf4 Kd4 58. fxe4 fxe4 59. g4 h4 60. g5 Kd3 61. Kg4 e3
62. Kf3 e2 63. Kf2 Kd2 64. Kf3 e1=Q 65. Kf4 Qe3+ 66. Kg4 Qg3#
0-1

[Event "FIDE Online Olympiad"]
[Site "Chess.com"]
[Date "2020.08.02"]
[EventDate "2020.07.31"]
[Round "9"]
[Result "0-1"]
[White "Noor Farooq"]
[Black "Yeh Yang Liu"]
[WhiteElo "1706"]
[BlackElo "2004"]
[PlyCount "120"]

1. d4 d5 2. Bf4 c5 3. e3 Nc6 4. c3 Qb6 5. Qb3 c4 6. Qxb6 axb6
7. Nd2 Nf6 8. h3 b5 9. a3 b4 10. Ngf3 e6 11. Nb1 bxa3 12. Nxa3
Bxa3 13. Rxa3 Rxa3 14. bxa3 Ne4 15. Ne5 Nxe5 16. Bxe5 f6
17. Bc7 Nxc3 18. Ba5 Nb5 19. Bb4 Bd7 20. Be2 Kf7 21. O-O Ra8
22. Rb1 Nxa3 23. Ra1 Nc2 24. Rxa8 Nxb4 25. Kf1 Nc6 26. Bd1 b5
27. Ra6 b4 28. Rb6 b3 29. Ke2 Ke7 30. Kd2 Kd6 31. Kc3 Kc7
32. Ra6 Kb7 33. Ra1 Na7 34. Bxb3 Nb5+ 35. Kb2 cxb3 36. Kxb3
Nd6 37. f3 Bb5 38. Re1 Kb6 39. e4 Bc4+ 40. Kb4 Nb5 41. exd5
Bxd5 42. Rc1 Nxd4 43. Rc8 e5 44. Kc3 Ne2+ 45. Kd2 Nf4 46. Rh8
h5 47. g3 Nxh3 48. Rxh5 Ng5 49. f4 Ne4+ 50. Ke3 Nxg3 51. Rh3
Nf5+ 52. Kd3 exf4 53. Rh2 Kc5 54. Rf2 g5 55. Rc2+ Kd6 56. Rb2
f3 57. Rb6+ Ke5 58. Rb2 Kf4 59. Rb5 Be4+ 60. Kd2 f2 0-1

[Event "FIDE Online Olympiad"]
[Site "Chess.com"]
[Date "2020.08.02"]
[EventDate "2020.07.31"]
[Round "9"]
[Result "0-1"]
[White "Nuha Rilwan"]
[Black "Chi Chen"]
[WhiteElo "1102"]
[BlackElo "1353"]
[PlyCount "70"]

1. e4 e6 2. d4 d5 3. e5 c5 4. c3 Nc6 5. Nf3 Qb6 6. Qc2 cxd4
7. cxd4 Nxd4 8. Nxd4 Qxd4 9. f4 Bb4+ 10. Bd2 Bxd2+ 11. Qxd2
Qe4+ 12. Kd1 Bd7 13. Nc3 Qg6 14. Bd3 Qg4+ 15. Kc2 Rc8 16. Kb1
Ne7 17. a3 O-O 18. Ka2 Ng6 19. g3 a6 20. Qf2 f6 21. h3 Qh5
22. exf6 Rxf6 23. Rac1 Ne5 24. Be2 Qf7 25. Qb6 Nc6 26. Qxb7
Rb8 27. Qxa6 e5 28. Qd3 d4+ 29. Ka1 dxc3 30. Rxc3 exf4
31. gxf4 Na5 32. Rd1 Nb3+ 33. Kb1 Bf5 34. Rxb3 Qxb3 35. Kc1
Qxb2# 0-1

[Event "FIDE Online Olympiad"]
[Site "Chess.com"]
[Date "2020.08.02"]
[EventDate "2020.07.31"]
[Round "9"]
[Result "0-1"]
[White "Mariyam Laisa Abdul Rasheed"]
[Black "Sophie Yi-Hsuan Tsai"]
[WhiteElo "1180"]
[BlackElo "1155"]
[PlyCount "146"]

1. e4 c5 2. Nf3 g6 3. d4 cxd4 4. Nxd4 Bg7 5. Be3 Nc6 6. Nc3
Nf6 7. Qd2 d5 8. Nxc6 bxc6 9. f3 O-O 10. O-O-O e6 11. Bh6 Bb7
12. Bxg7 Kxg7 13. e5 Nd7 14. Qf4 f6 15. exf6+ Qxf6 16. Qd2 e5
17. Bd3 Qf4 18. Qxf4 Rxf4 19. Ne2 Rf6 20. h4 Nc5 21. Rh3 Nxd3+
22. Rxd3 Ba6 23. c4 Bxc4 24. Re3 Bxe2 25. Rxe2 Re8 26. g4 Rf4
27. g5 e4 28. fxe4 Rexe4 29. Rd2 Rc4+ 30. Kd1 Rxh4 31. Rxh4
Rxh4 32. Rg2 Rh1+ 33. Kd2 Ra1 34. a3 Rb1 35. Kc3 c5 36. Rd2
d4+ 37. Kc4 Rc1+ 38. Kd5 a5 39. Ke5 Rg1 40. Kf4 Rb1 41. Ke5
Kf7 42. Kd5 Rc1 43. Ke5 Ke7 44. Kd5 Kd7 45. Ke5 Rg1 46. Kf6
Kd6 47. Rh2 Rf1+ 48. Kg7 Rf5 49. Kh6 d3 50. Rd2 c4 51. Rh2 Re5
52. Rg2 Re2 53. Rg4 Kc5 54. Kxh7 d2 55. Kxg6 d1=Q 56. Rf4 Qd6+
57. Rf6 Re6 58. Rxe6 Qxe6+ 59. Kh5 Qg8 60. g6 Kd4 61. Kh6 c3
62. bxc3+ Kxc3 63. g7 Kb3 64. Kg6 Kxa3 65. Kh6 Kb2 66. Kg6 a4
67. Kf6 a3 68. Kg6 a2 69. Kh6 a1=Q 70. Kg6 Qg1+ 71. Kf6 Q8xg7+
72. Ke6 Qe3+ 73. Kf5 Qgg5# 0-1

[Event "FIDE Online Olympiad"]
[Site "Chess.com"]
[Date "2020.08.02"]
[EventDate "2020.07.31"]
[Round "9"]
[Result "0-1"]
[White "Chanida Taweesupmun"]
[Black "Ze Jun Lin"]
[WhiteElo "1754"]
[BlackElo "1677"]
[PlyCount "92"]

1. d4 Nf6 2. c4 g6 3. Nf3 Bg7 4. Nc3 d5 5. Bf4 O-O 6. e3 c5
7. dxc5 Qa5 8. Be2 dxc4 9. O-O Qxc5 10. Qa4 Nc6 11. Qxc4 Qxc4
12. Bxc4 Bf5 13. Rfd1 Rfd8 14. h3 Ne4 15. Nxe4 Bxe4 16. Ng5
Bxb2 17. Nxe4 Bxa1 18. Rxa1 Na5 19. Be2 Rac8 20. Rb1 Rc2
21. Bf3 b6 22. Be5 Rxa2 23. Rc1 Nb3 24. Rc7 Kf8 25. Ng5 h6
26. Ne4 f6 27. Bc3 a5 28. Rb7 f5 29. Ng3 Rd6 30. Be5 Rad2
31. Bxd6 Rxd6 32. Ne2 a4 33. Nc3 a3 34. Ra7 Na5 35. Bd5 Rxd5
36. Nxd5 a2 37. Nxb6 a1=Q+ 38. Kh2 Qe5+ 39. g3 Qb2 40. Nd7+
Ke8 41. Kg2 Nc6 42. Rc7 Kd8 43. Rxc6 Kxd7 44. Rxg6 Qb7+
45. Kg1 f4 46. exf4 Qb1+ 0-1

[Event "FIDE Online Olympiad"]
[Site "Chess.com"]
[Date "2020.08.02"]
[EventDate "2020.07.31"]
[Round "9"]
[Result "0-1"]
[White "Wing Ki Kwong"]
[Black "Prin Laohawirapap"]
[WhiteElo "1679"]
[BlackElo "1834"]
[PlyCount "54"]

1. d4 Nf6 2. c4 c5 3. d5 e6 4. Nc3 exd5 5. cxd5 d6 6. e4 g6
7. h3 Bg7 8. Nf3 O-O 9. Bd3 Nbd7 10. O-O Re8 11. Re1 Ne5
12. Nxe5 Rxe5 13. f4 Re8 14. a4 Nh5 15. Qf3 f5 16. g4 fxg4
17. hxg4 Qh4 18. Be3 Bxg4 19. Qg2 Bd4 20. Qh2 Bh3 21. Qf2 Qg4+
22. Kh2 Nxf4 23. Rg1 Nxd3 24. Rxg4 Nxf2 25. Bxd4 Nxg4+
26. Kxh3 cxd4 27. Kxg4 dxc3 0-1

[Event "FIDE Online Olympiad"]
[Site "Chess.com"]
[Date "2020.08.02"]
[EventDate "2020.07.31"]
[Round "9"]
[Result "0-1"]
[White "Sarocha Chuemsakul"]
[Black "Eunice Feng"]
[WhiteElo "1694"]
[BlackElo "1306"]
[PlyCount "66"]

1. d4 d5 2. c4 c6 3. Nf3 Nf6 4. Nc3 dxc4 5. a4 Bf5 6. e3 e6
7. Bxc4 Bb4 8. O-O Nbd7 9. Qb3 Qb6 10. Na2 Bd6 11. h3 O-O
12. Nc3 Qxb3 13. Bxb3 e5 14. Rd1 Rfd8 15. d5 Nc5 16. Bc4 a5
17. dxc6 bxc6 18. g4 Bg6 19. Nh4 Bc2 20. Re1 Bb3 21. Bf1 e4
22. Bg2 Be5 23. f4 exf3 24. Bxf3 Bg3 25. Rf1 Bxh4 26. Bxc6
Rac8 27. Bb5 Nce4 28. Nxe4 Nxe4 29. Ra3 Bd5 30. Rd3 Bb7
31. Rfd1 Rxd3 32. Bxd3 Nf2 33. Bb1 Nxd1 0-1

[Event "FIDE Online Olympiad"]
[Site "Chess.com"]
[Date "2020.08.02"]
[EventDate "2020.07.31"]
[Round "9"]
[Result "0-1"]
[White "Wynn Zaw Htun"]
[Black "Joseph Muragu Methu"]
[WhiteElo "2477"]
[BlackElo "1972"]
[PlyCount "108"]

1. Nf3 Nf6 2. g3 g6 3. b4 Bg7 4. Bb2 O-O 5. Bg2 d5 6. O-O Nbd7
7. a4 c5 8. b5 Re8 9. c4 d4 10. d3 e5 11. Nbd2 Nf8 12. a5 Rb8
13. Qc2 Bf5 14. Nh4 Bg4 15. Nb3 Qd6 16. h3 Be6 17. Rfe1 h6
18. Nf3 Bf5 19. g4 Be6 20. e3 h5 21. Ba3 N8d7 22. exd4 exd4
23. Nfxd4 hxg4 24. Nxe6 Rxe6 25. d4 b6 26. Rad1 Rxe1+ 27. Rxe1
Rc8 28. Qd3 Bf8 29. hxg4 Nxg4 30. Qh3 f5 31. Re6 Qf4 32. Rxg6+
Bg7 33. Bd5+ Kf8 34. Qg3 Qxg3+ 35. fxg3 Ngf6 36. Be6 Re8
37. d5 Ne5 38. Rg5 Nf3+ 39. Kf2 Nxg5 40. Nxc5 Nxe6 41. Nxe6+
Kf7 42. Kf3 Rc8 43. c5 bxc5 44. Bxc5 Nxd5 45. Nxg7 Kxg7
46. Bxa7 Rc3+ 47. Kf2 Rb3 48. Bd4+ Kf7 49. b6 Ke8 50. Ke2 Kd7
51. Kd2 Kc6 52. Kc2 Rb5 53. a6 Nxb6 54. a7 Ra5 0-1

[Event "FIDE Online Olympiad"]
[Site "Chess.com"]
[Date "2020.08.02"]
[EventDate "2020.07.31"]
[Round "9"]
[Result "0-1"]
[White "Jackson Kamau Ndegwa"]
[Black "Tun Nay Oo Kyaw"]
[WhiteElo "1987"]
[BlackElo "2406"]
[PlyCount "96"]

1. e4 e6 2. d4 d5 3. exd5 exd5 4. Bd3 Nc6 5. c3 Bd6 6. Nf3
Nge7 7. O-O O-O 8. Bg5 f6 9. Bh4 Bf5 10. Re1 Qd7 11. Bg3 Rfe8
12. Qc2 Bxd3 13. Qxd3 Nf5 14. Nbd2 a6 15. Nf1 g6 16. Bxd6 Qxd6
17. Ne3 Nxe3 18. Rxe3 Qd7 19. Rae1 Kf7 20. Qd2 Rxe3 21. Rxe3
Re8 22. Kf1 Rxe3 23. Qxe3 Ne7 24. Qh6 Qb5+ 25. Ke1 Qxb2
26. Qxh7+ Ke6 27. Qh3+ Kd6 28. Qg3+ Kc6 29. Nd2 Qxa2 30. Qe3
Nf5 31. Qe6+ Nd6 32. Qxf6 Qc2 33. c4 dxc4 34. Nf3 Qe4+ 35. Kd1
Qd3+ 36. Ke1 Kb6 37. Qg5 Ka7 38. Qc5+ Kb8 39. Ne5 Qb1+ 40. Ke2
Qc2+ 41. Ke1 Qc1+ 42. Ke2 c3 43. Nd7+ Kc8 44. Nb6+ Kd8 45. Nd5
Qd2+ 46. Kf3 Qd3+ 47. Kf4 Qf5+ 48. Kg3 Ne4+ 0-1

[Event "FIDE Online Olympiad"]
[Site "Chess.com"]
[Date "2020.08.02"]
[EventDate "2020.07.31"]
[Round "9"]
[Result "0-1"]
[White "Sasha Mongeli"]
[Black "Laet Nandar Su"]
[WhiteElo "1599"]
[BlackElo "1552"]
[PlyCount "124"]

1. e4 d6 2. d4 Nf6 3. Nc3 g6 4. Nf3 Bg7 5. Bd3 a6 6. O-O O-O
7. Re1 Bg4 8. Be3 Nc6 9. h3 Bxf3 10. Qxf3 e5 11. dxe5 Nxe5
12. Qe2 Nxd3 13. cxd3 Qe7 14. Bg5 c6 15. Qd2 Rfe8 16. d4 Qd7
17. Bh6 Bh8 18. Rad1 Re7 19. e5 Nd5 20. Nxd5 cxd5 21. Bg5 Re6
22. Qf4 Rae8 23. Qf3 dxe5 24. dxe5 Rxe5 25. Rxe5 Rxe5 26. Bh6
Qe6 27. Qd3 Re1+ 28. Rxe1 Qxe1+ 29. Qf1 Qxf1+ 30. Kxf1 Bxb2
31. Ke2 f5 32. Kd3 Kf7 33. Kc2 Bf6 34. Kb3 Ke6 35. Kb4 Kd6
36. Bf8+ Kc6 37. a4 d4 38. Kc4 b5+ 39. axb5+ axb5+ 40. Kd3 Kb6
41. Bb4 Kc6 42. Bf8 Kd5 43. Bb4 Bg5 44. g3 Bc1 45. h4 Bb2
46. Kc2 Bc3 47. Bxc3 dxc3 48. Kxc3 Ke4 49. Kb4 Kf3 50. Kxb5
Kxf2 51. Kc5 Kxg3 52. Kd4 Kxh4 53. Ke3 Kg3 54. Kd4 f4 55. Ke5
f3 56. Kf6 f2 57. Kg7 f1=Q 58. Kxh7 Qf4 59. Kxg6 Kg4 60. Kg7
Kg5 61. Kg8 Kg6 62. Kh8 Qf8# 0-1

[Event "FIDE Online Olympiad"]
[Site "Chess.com"]
[Date "2020.08.02"]
[EventDate "2020.07.31"]
[Round "9"]
[Result "0-1"]
[White "Aliuddin Azahari"]
[Black "Bibek Thing"]
[WhiteElo "2059"]
[BlackElo "2081"]
[PlyCount "112"]

1. e4 c5 2. Nf3 d6 3. Bb5+ Bd7 4. Bxd7+ Qxd7 5. O-O Nc6 6. c4
g6 7. d4 cxd4 8. Nxd4 Bg7 9. Be3 Nf6 10. Nc3 Ng4 11. Nxc6 Nxe3
12. fxe3 Qxc6 13. Qd5 O-O 14. Qxc6 bxc6 15. Rac1 Rfb8 16. b3
Bxc3 17. Rxc3 c5 18. Rd3 f6 19. h4 Rb4 20. g4 a5 21. g5 fxg5
22. hxg5 a4 23. Kg2 axb3 24. axb3 Rab8 25. e5 Rxb3 26. Rxb3
Rxb3 27. exd6 exd6 28. Rf6 Rxe3 29. Rxd6 Re4 30. Rd8+ Kf7
31. Rd7+ Ke6 32. Rxh7 Rxc4 33. Rc7 Kf5 34. Kf3 Rc3+ 35. Ke2
Kxg5 36. Kd2 Rc4 37. Kd3 Rd4+ 38. Ke3 Rd5 39. Ke4 Rf5 40. Rc6
Kh5 41. Rc8 Kg4 42. Rg8 g5 43. Rc8 Rf4+ 44. Ke3 c4 45. Ke2 Kg3
46. Rc5 g4 47. Ke3 Rf3+ 48. Ke4 c3 49. Rc8 Kg2 50. Rg8 g3
51. Rc8 Kf2 52. Ra8 Re3+ 53. Kf4 g2 54. Rg8 Rf3+ 55. Ke4 Rg3
56. Rf8+ Ke2 0-1

[Event "FIDE Online Olympiad"]
[Site "Chess.com"]
[Date "2020.08.02"]
[EventDate "2020.07.31"]
[Round "9"]
[Result "0-1"]
[White "Abdul Zahirul Zazali"]
[Black "Yubraj Paudel"]
[WhiteElo "1695"]
[BlackElo "1621"]
[PlyCount "104"]

1. e4 c5 2. Nf3 d6 3. Nc3 Nf6 4. Bc4 g6 5. O-O Bg7 6. d3 O-O
7. h3 Nc6 8. Be3 Na5 9. Bb3 Nxb3 10. axb3 a6 11. Qd2 Re8
12. Bh6 Bh8 13. Rfe1 b5 14. Ra2 Bb7 15. Qg5 e6 16. Qh4 Qc7
17. Bg5 Nd7 18. Be3 Ne5 19. Nxe5 Bxe5 20. f4 Bd4 21. Qf2 Bg7
22. Ne2 Rad8 23. b4 cxb4 24. Bb6 Qxc2 25. Bxd8 Rxd8 26. Qb6
Rd7 27. Qe3 b3 28. Raa1 Bxb2 29. Rab1 e5 30. f5 Ba3 31. f6 d5
32. Qh6 Bf8 33. Qg5 dxe4 34. dxe4 Bxe4 35. Qxe5 Qc5+ 36. Qxc5
Bxc5+ 37. Kf1 Bxb1 38. Rxb1 Rd6 39. Rxb3 Rxf6+ 40. Rf3 Rxf3+
41. gxf3 a5 42. Ke1 b4 43. Kd2 a4 44. Kc2 Kg7 45. Ng3 b3+
46. Kb2 Bd4+ 47. Ka3 b2 48. Ka2 f5 49. Ne2 Bf6 50. Nf4 Kf7
51. Nd5 Bd4 52. Nb6 Bxb6 0-1

[Event "FIDE Online Olympiad"]
[Site "Chess.com"]
[Date "2020.08.02"]
[EventDate "2020.07.31"]
[Round "9"]
[Result "0-1"]
[White "Yusuf Mdoe"]
[Black "Ayyad Husain Abdulgalil Saleh"]
[WhiteElo "1712"]
[BlackElo "2249"]
[PlyCount "80"]

1. e4 e5 2. Nf3 Nc6 3. c3 Nf6 4. Qc2 d6 5. d4 Bg4 6. d5 Nb8
7. Be2 Be7 8. Be3 O-O 9. Nbd2 c6 10. c4 Na6 11. a3 h6 12. b4
Nxe4 13. Qxe4 f5 14. Qc2 f4 15. Bxa7 Rxa7 16. dxc6 Nxb4
17. Qb2 Nxc6 18. O-O Bf5 19. Rfd1 e4 20. Nd4 Bf6 21. N2b3 f3
22. Bf1 fxg2 23. Bxg2 Be5 24. Qd2 Qh4 25. Nxf5 Qxh2+ 26. Kf1
Rxf5 27. Ra2 Ra8 28. Qd5+ Kh8 29. Qxe4 Raf8 30. Rd3 Rf4
31. Qg6 Qh4 32. Ke1 Rxf2 33. Rxf2 Qxf2+ 34. Kd1 Qg1+ 35. Kc2
Ne7 36. Qe4 Rf4 37. Qxb7 Rxc4+ 38. Kd2 Qf2+ 39. Kd1 Qc2+
40. Ke1 Qxd3 0-1

[Event "FIDE Online Olympiad"]
[Site "Chess.com"]
[Date "2020.08.02"]
[EventDate "2020.07.31"]
[Round "9"]
[Result "0-1"]
[White "Aaditya Kailas Bhattbhatt"]
[Black "Salman Al Mahmood"]
[WhiteElo "1460"]
[BlackElo "1588"]
[PlyCount "72"]

1. e4 d6 2. d4 g6 3. Nf3 Bg7 4. Be3 Nd7 5. Nc3 e5 6. d5 Ngf6
7. Be2 O-O 8. Qd2 a6 9. O-O-O b5 10. a3 Nb6 11. Bh6 Qd7 12. h3
Nc4 13. Bxc4 bxc4 14. Bxg7 Kxg7 15. Qe2 a5 16. Qxc4 Ba6
17. Qc6 Qc8 18. Rhe1 Rb8 19. Qa4 Qb7 20. b3 Qb6 21. Qc6 Qa7
22. a4 Rb6 23. Nb5 Bxb5 24. Qc3 Ba6 25. g4 Rfb8 26. g5 Nd7
27. Rh1 Nc5 28. Nd2 Rb4 29. Rde1 Rd4 30. h4 Qb6 31. h5 Qb4
32. h6+ Kg8 33. Qe3 Qa3+ 34. Kb1 Nxa4 35. Nc4 Bxc4 36. Qc1
Nc3# 0-1

[Event "FIDE Online Olympiad"]
[Site "Chess.com"]
[Date "2020.08.02"]
[EventDate "2020.07.31"]
[Round "9"]
[Result "0-1"]
[White "Ahmad Tasneem"]
[Black "Christine Namaganda"]
[WhiteElo "1417"]
[BlackElo "1518"]
[PlyCount "76"]

1. e4 d6 2. d4 Nf6 3. Nc3 g6 4. Nf3 Bg4 5. Be2 Bg7 6. h3 Bxf3
7. Bxf3 c6 8. O-O Nbd7 9. Bf4 e5 10. Bg3 O-O 11. d5 c5 12. a3
a6 13. b4 b6 14. Qd3 Qc7 15. Na4 b5 16. Nb2 Rfc8 17. Rfc1 cxb4
18. axb4 Bh6 19. Rcb1 Qxc2 20. Qxc2 Rxc2 21. Nd3 Nb6 22. Bd1
Rcc8 23. Bf3 Nc4 24. Rc1 Bxc1 25. Nxc1 Nd2 26. Ne2 Ndxe4
27. Bh4 g5 28. Bxe4 Nxe4 29. Bg3 Nxg3 30. Nxg3 Rc4 31. Nf5
Rxb4 32. Nxd6 Ra4 33. Rb1 Rd4 34. Nf5 Kf8 35. Nxd4 exd4
36. Rd1 b4 37. Rxd4 Rb8 38. d6 Ke8 0-1